<?xml version="1.0" encoding="UTF-8"?>
<record
    xmlns:xsi="http://www.w3.org/2001/XMLSchema-instance"
    xsi:schemaLocation="http://www.loc.gov/MARC21/slim http://www.loc.gov/standards/marcxml/schema/MARC21slim.xsd"
    xmlns="http://www.loc.gov/MARC21/slim">

  <leader>02419nam a2200349Ia 4500</leader>
  <datafield tag="952" ind1=" " ind2=" ">
    <subfield code="0">0</subfield>
    <subfield code="1">0</subfield>
    <subfield code="4">0</subfield>
    <subfield code="7">0</subfield>
    <subfield code="a">04</subfield>
    <subfield code="b">04</subfield>
    <subfield code="d">2008-08-14</subfield>
    <subfield code="l">3</subfield>
    <subfield code="m">2</subfield>
    <subfield code="o">TS155 R47918  2004</subfield>
    <subfield code="p">04 001855</subfield>
    <subfield code="r">2016-12-17</subfield>
    <subfield code="s">2016-11-29</subfield>
    <subfield code="t">1</subfield>
    <subfield code="w">2012-06-24</subfield>
    <subfield code="y">LB</subfield>
  </datafield>
  <datafield tag="952" ind1=" " ind2=" ">
    <subfield code="0">0</subfield>
    <subfield code="1">0</subfield>
    <subfield code="4">0</subfield>
    <subfield code="7">0</subfield>
    <subfield code="a">04</subfield>
    <subfield code="b">04</subfield>
    <subfield code="d">2008-08-14</subfield>
    <subfield code="l">4</subfield>
    <subfield code="o">TS155 R47918  2004</subfield>
    <subfield code="p">04 001856</subfield>
    <subfield code="r">2020-03-18</subfield>
    <subfield code="s">2020-03-14</subfield>
    <subfield code="t">2</subfield>
    <subfield code="w">2012-06-24</subfield>
    <subfield code="y">LB</subfield>
  </datafield>
  <datafield tag="952" ind1=" " ind2=" ">
    <subfield code="0">0</subfield>
    <subfield code="1">0</subfield>
    <subfield code="4">0</subfield>
    <subfield code="7">0</subfield>
    <subfield code="a">04</subfield>
    <subfield code="b">04</subfield>
    <subfield code="d">2008-08-14</subfield>
    <subfield code="l">13</subfield>
    <subfield code="o">TS155 R47918  2004</subfield>
    <subfield code="p">04 001857</subfield>
    <subfield code="r">2019-12-03</subfield>
    <subfield code="s">2019-12-03</subfield>
    <subfield code="t">3</subfield>
    <subfield code="w">2012-06-24</subfield>
    <subfield code="y">LB</subfield>
  </datafield>
  <datafield tag="952" ind1=" " ind2=" ">
    <subfield code="0">0</subfield>
    <subfield code="1">0</subfield>
    <subfield code="4">0</subfield>
    <subfield code="7">0</subfield>
    <subfield code="a">09</subfield>
    <subfield code="b">09</subfield>
    <subfield code="d">2008-01-28</subfield>
    <subfield code="l">1</subfield>
    <subfield code="o">TS155 R47918</subfield>
    <subfield code="p">09 002232</subfield>
    <subfield code="r">2019-09-18</subfield>
    <subfield code="s">2019-09-18</subfield>
    <subfield code="t">1</subfield>
    <subfield code="w">2012-06-26</subfield>
    <subfield code="y">LB</subfield>
  </datafield>
  <datafield tag="952" ind1=" " ind2=" ">
    <subfield code="0">0</subfield>
    <subfield code="1">0</subfield>
    <subfield code="4">0</subfield>
    <subfield code="7">0</subfield>
    <subfield code="a">22</subfield>
    <subfield code="b">22</subfield>
    <subfield code="d">2009-08-21</subfield>
    <subfield code="l">2</subfield>
    <subfield code="o">TS155 R3818 2004</subfield>
    <subfield code="p">06 000482</subfield>
    <subfield code="r">2019-11-15</subfield>
    <subfield code="s">2019-11-15</subfield>
    <subfield code="t">1</subfield>
    <subfield code="w">2012-06-26</subfield>
    <subfield code="y">LB</subfield>
  </datafield>
  <datafield tag="952" ind1=" " ind2=" ">
    <subfield code="0">0</subfield>
    <subfield code="1">0</subfield>
    <subfield code="4">0</subfield>
    <subfield code="7">0</subfield>
    <subfield code="a">25</subfield>
    <subfield code="b">25</subfield>
    <subfield code="d">2009-09-02</subfield>
    <subfield code="l">2</subfield>
    <subfield code="o">TS155 R3818 2004</subfield>
    <subfield code="p">06 000483</subfield>
    <subfield code="r">2019-10-30</subfield>
    <subfield code="s">2019-10-30</subfield>
    <subfield code="t">2</subfield>
    <subfield code="w">2012-06-26</subfield>
    <subfield code="y">LB</subfield>
  </datafield>
  <datafield tag="952" ind1=" " ind2=" ">
    <subfield code="0">0</subfield>
    <subfield code="1">0</subfield>
    <subfield code="4">0</subfield>
    <subfield code="7">0</subfield>
    <subfield code="a">07</subfield>
    <subfield code="b">07</subfield>
    <subfield code="d">2010-08-21</subfield>
    <subfield code="l">0</subfield>
    <subfield code="o">TS155 R47918 2004</subfield>
    <subfield code="p">07 000538</subfield>
    <subfield code="r">2012-06-26</subfield>
    <subfield code="t">1</subfield>
    <subfield code="w">2012-06-26</subfield>
    <subfield code="y">LB</subfield>
  </datafield>
  <datafield tag="952" ind1=" " ind2=" ">
    <subfield code="0">0</subfield>
    <subfield code="1">0</subfield>
    <subfield code="4">0</subfield>
    <subfield code="7">0</subfield>
    <subfield code="a">18</subfield>
    <subfield code="b">18</subfield>
    <subfield code="d">2010-11-13</subfield>
    <subfield code="l">0</subfield>
    <subfield code="o">TS155 R47 2005</subfield>
    <subfield code="p">18 000104</subfield>
    <subfield code="r">2012-06-26</subfield>
    <subfield code="t">1</subfield>
    <subfield code="w">2012-06-26</subfield>
    <subfield code="y">LB</subfield>
  </datafield>
  <datafield tag="952" ind1=" " ind2=" ">
    <subfield code="0">0</subfield>
    <subfield code="1">0</subfield>
    <subfield code="4">0</subfield>
    <subfield code="7">0</subfield>
    <subfield code="a">18</subfield>
    <subfield code="b">18</subfield>
    <subfield code="d">2010-11-13</subfield>
    <subfield code="l">10</subfield>
    <subfield code="o">TS155 R47 2005</subfield>
    <subfield code="p">18 000105</subfield>
    <subfield code="r">2023-06-05</subfield>
    <subfield code="s">2023-06-02</subfield>
    <subfield code="t">2</subfield>
    <subfield code="w">2012-06-26</subfield>
    <subfield code="y">LB</subfield>
  </datafield>
  <datafield tag="952" ind1=" " ind2=" ">
    <subfield code="0">0</subfield>
    <subfield code="1">0</subfield>
    <subfield code="2">lcc</subfield>
    <subfield code="4">0</subfield>
    <subfield code="7">0</subfield>
    <subfield code="a">08</subfield>
    <subfield code="b">08</subfield>
    <subfield code="d">2008-12-17</subfield>
    <subfield code="l">3</subfield>
    <subfield code="o">TS155 H4518 2004</subfield>
    <subfield code="p">08 001893</subfield>
    <subfield code="r">2016-05-03</subfield>
    <subfield code="s">2016-05-02</subfield>
    <subfield code="t">1</subfield>
    <subfield code="w">2012-07-20</subfield>
    <subfield code="y">LB</subfield>
  </datafield>
  <datafield tag="952" ind1=" " ind2=" ">
    <subfield code="0">0</subfield>
    <subfield code="1">0</subfield>
    <subfield code="2">lcc</subfield>
    <subfield code="4">0</subfield>
    <subfield code="7">0</subfield>
    <subfield code="a">08</subfield>
    <subfield code="b">08</subfield>
    <subfield code="d">2009-03-23</subfield>
    <subfield code="l">4</subfield>
    <subfield code="o">TS155 H4518 2004</subfield>
    <subfield code="p">08 001894</subfield>
    <subfield code="r">2016-03-29</subfield>
    <subfield code="s">2016-03-29</subfield>
    <subfield code="t">2</subfield>
    <subfield code="w">2012-07-20</subfield>
    <subfield code="y">LB</subfield>
  </datafield>
  <datafield tag="952" ind1=" " ind2=" ">
    <subfield code="0">0</subfield>
    <subfield code="1">0</subfield>
    <subfield code="2">lcc</subfield>
    <subfield code="4">0</subfield>
    <subfield code="7">0</subfield>
    <subfield code="a">08</subfield>
    <subfield code="b">08</subfield>
    <subfield code="d">2009-03-23</subfield>
    <subfield code="l">0</subfield>
    <subfield code="o">TS155 H4518 2004</subfield>
    <subfield code="p">08 001895</subfield>
    <subfield code="r">2012-07-20</subfield>
    <subfield code="t">3</subfield>
    <subfield code="w">2012-07-20</subfield>
    <subfield code="y">LB</subfield>
  </datafield>
  <datafield tag="952" ind1=" " ind2=" ">
    <subfield code="0">0</subfield>
    <subfield code="1">0</subfield>
    <subfield code="4">0</subfield>
    <subfield code="7">0</subfield>
    <subfield code="a">13</subfield>
    <subfield code="b">13</subfield>
    <subfield code="d">2010-07-22</subfield>
    <subfield code="l">0</subfield>
    <subfield code="o">TS155 R479 2004</subfield>
    <subfield code="p">13 001117</subfield>
    <subfield code="r">2012-09-05</subfield>
    <subfield code="t">1</subfield>
    <subfield code="w">2012-09-05</subfield>
    <subfield code="y">LB</subfield>
    <subfield code="z">2004</subfield>
  </datafield>
  <datafield tag="952" ind1=" " ind2=" ">
    <subfield code="0">0</subfield>
    <subfield code="1">0</subfield>
    <subfield code="4">0</subfield>
    <subfield code="7">0</subfield>
    <subfield code="a">13</subfield>
    <subfield code="b">13</subfield>
    <subfield code="d">2010-09-10</subfield>
    <subfield code="l">1</subfield>
    <subfield code="o">TS155 R479 2004</subfield>
    <subfield code="p">13 001743</subfield>
    <subfield code="r">2017-07-24</subfield>
    <subfield code="s">2017-07-11</subfield>
    <subfield code="t">2</subfield>
    <subfield code="w">2012-09-05</subfield>
    <subfield code="y">LB</subfield>
  </datafield>
  <datafield tag="952" ind1=" " ind2=" ">
    <subfield code="0">0</subfield>
    <subfield code="1">0</subfield>
    <subfield code="4">0</subfield>
    <subfield code="7">0</subfield>
    <subfield code="a">14</subfield>
    <subfield code="b">14</subfield>
    <subfield code="d">2009-06-29</subfield>
    <subfield code="l">0</subfield>
    <subfield code="o">TS155 H44 2004</subfield>
    <subfield code="p">14 001280</subfield>
    <subfield code="r">2012-10-28</subfield>
    <subfield code="t">1</subfield>
    <subfield code="w">2012-10-28</subfield>
    <subfield code="y">LB</subfield>
  </datafield>
  <datafield tag="952" ind1=" " ind2=" ">
    <subfield code="0">0</subfield>
    <subfield code="1">0</subfield>
    <subfield code="4">0</subfield>
    <subfield code="7">0</subfield>
    <subfield code="a">14</subfield>
    <subfield code="b">14</subfield>
    <subfield code="d">2009-06-29</subfield>
    <subfield code="l">0</subfield>
    <subfield code="o">TS155 H44 2004</subfield>
    <subfield code="p">14 001281</subfield>
    <subfield code="r">2014-10-06</subfield>
    <subfield code="t">2</subfield>
    <subfield code="w">2012-10-28</subfield>
    <subfield code="y">LB</subfield>
  </datafield>
  <datafield tag="952" ind1=" " ind2=" ">
    <subfield code="0">0</subfield>
    <subfield code="1">0</subfield>
    <subfield code="4">0</subfield>
    <subfield code="7">0</subfield>
    <subfield code="a">14</subfield>
    <subfield code="b">14</subfield>
    <subfield code="d">2009-06-29</subfield>
    <subfield code="l">4</subfield>
    <subfield code="o">TS155 H44 2004</subfield>
    <subfield code="p">14 001282</subfield>
    <subfield code="r">2014-11-06</subfield>
    <subfield code="s">2014-10-30</subfield>
    <subfield code="t">3</subfield>
    <subfield code="w">2012-10-28</subfield>
    <subfield code="y">LB</subfield>
  </datafield>
  <datafield tag="952" ind1=" " ind2=" ">
    <subfield code="0">0</subfield>
    <subfield code="1">0</subfield>
    <subfield code="2">lcc</subfield>
    <subfield code="4">0</subfield>
    <subfield code="7">0</subfield>
    <subfield code="a">04</subfield>
    <subfield code="b">04</subfield>
    <subfield code="d">2016-09-20</subfield>
    <subfield code="l">0</subfield>
    <subfield code="o">TS155 R47918 2004</subfield>
    <subfield code="p">05 000519</subfield>
    <subfield code="r">2023-02-03</subfield>
    <subfield code="t">1</subfield>
    <subfield code="w">2016-09-20</subfield>
    <subfield code="y">LB</subfield>
  </datafield>
  <datafield tag="952" ind1=" " ind2=" ">
    <subfield code="0">0</subfield>
    <subfield code="1">0</subfield>
    <subfield code="2">lcc</subfield>
    <subfield code="4">0</subfield>
    <subfield code="7">0</subfield>
    <subfield code="a">04</subfield>
    <subfield code="b">04</subfield>
    <subfield code="d">2016-09-20</subfield>
    <subfield code="l">0</subfield>
    <subfield code="o">TS155 R47918 2004</subfield>
    <subfield code="p">05 000520</subfield>
    <subfield code="r">2023-02-03</subfield>
    <subfield code="t">2</subfield>
    <subfield code="w">2016-09-20</subfield>
    <subfield code="y">LB</subfield>
  </datafield>
  <datafield tag="952" ind1=" " ind2=" ">
    <subfield code="0">0</subfield>
    <subfield code="1">0</subfield>
    <subfield code="2">lcc</subfield>
    <subfield code="4">0</subfield>
    <subfield code="7">0</subfield>
    <subfield code="a">04</subfield>
    <subfield code="b">04</subfield>
    <subfield code="d">2016-09-20</subfield>
    <subfield code="l">0</subfield>
    <subfield code="o">TS155 R47918 2004</subfield>
    <subfield code="p">05 000521</subfield>
    <subfield code="r">2023-02-03</subfield>
    <subfield code="t">3</subfield>
    <subfield code="w">2016-09-20</subfield>
    <subfield code="y">LB</subfield>
  </datafield>
  <datafield tag="952" ind1=" " ind2=" ">
    <subfield code="0">0</subfield>
    <subfield code="1">0</subfield>
    <subfield code="4">0</subfield>
    <subfield code="7">0</subfield>
    <subfield code="a">09</subfield>
    <subfield code="b">09</subfield>
    <subfield code="d">2018-10-01</subfield>
    <subfield code="l">0</subfield>
    <subfield code="o">TS155 R4518 2004</subfield>
    <subfield code="p">09 005213</subfield>
    <subfield code="r">2018-10-01</subfield>
    <subfield code="t">1</subfield>
    <subfield code="w">2018-10-01</subfield>
    <subfield code="y">LB</subfield>
  </datafield>
  <datafield tag="999" ind1=" " ind2=" ">
    <subfield code="c">62235</subfield>
    <subfield code="d">62235</subfield>
  </datafield>
  <controlfield tag="008">120625s2004    mx            001 0 spa d</controlfield>
  <datafield tag="020" ind1=" " ind2=" ">
    <subfield code="a">9702605253</subfield>
  </datafield>
  <datafield tag="050" ind1="0" ind2="4">
    <subfield code="a">TS155</subfield>
    <subfield code="b">R4518 2004</subfield>
  </datafield>
  <datafield tag="100" ind1="1" ind2=" ">
    <subfield code="a">Render, Barry</subfield>
    <subfield code="e">autor</subfield>
  </datafield>
  <datafield tag="240" ind1="1" ind2="0">
    <subfield code="a">Principles of operations management</subfield>
    <subfield code="l">Espa&#xF1;ol</subfield>
  </datafield>
  <datafield tag="245" ind1="1" ind2="0">
    <subfield code="a">Principios de administraci&#xF3;n de operaciones </subfield>
    <subfield code="c">/ Barry Render, Jay Heizer ; traducci&#xF3;n Mar&#xED;a Isabel P&#xE9;rez de Lara Choy</subfield>
  </datafield>
  <datafield tag="250" ind1=" " ind2=" ">
    <subfield code="a">5a edici&#xF3;n</subfield>
  </datafield>
  <datafield tag="260" ind1=" " ind2=" ">
    <subfield code="a">M&#xE9;xico</subfield>
    <subfield code="b">: Prentice Hall Hispanoamericana</subfield>
    <subfield code="c">, 2004</subfield>
  </datafield>
  <datafield tag="300" ind1=" " ind2=" ">
    <subfield code="a">xxix, 638 p&#xE1;ginas [p&#xE1;g. var&#xED;a]</subfield>
    <subfield code="b"> : ilustraciones</subfield>
  </datafield>
  <datafield tag="500" ind1=" " ind2=" ">
    <subfield code="a">Incluye:
&#xED;ndice de nombres (pp. I1-I4)
&#xED;ndice anal&#xED;tico (pp. I5-I14)
ap&#xE9;ndices (pp. A1-A20)</subfield>
  </datafield>
  <datafield tag="505" ind1="1" ind2=" ">
    <subfield code="a">Introducci&#xF3;n a la administraci&#xF3;n de operaciones
Operaciones y productividad
Estrategia de operaciones en un entorno global
Administraci&#xF3;n de proyectos
Pron&#xF3;sticos
Dise&#xF1;o de operaciones
Dise&#xF1;o de bienes y ervicios
Administraci&#xF3;n de la calidad
Estrategia de proceso
Estartegia de localizaci&#xF3;n
Estrategia de distribuci&#xF3;n f&#xED;sica
Recursos humanos y dise&#xF1;o del trabajo
Administraci&#xF3;n de operaciones
Administraci&#xF3;n de la cadena de suministros
Administraci&#xF3;n de inventarios
Planeaci&#xF3;n agregada
Planeaci&#xF3;n de requerimientos de materiales (MRP) y ERP
Programaci&#xF3;n a corto plazo
Sistemas justo a tiempo y producci&#xF3;n esbelta
Mantenimiento y confiabilidad</subfield>
  </datafield>
  <datafield tag="519" ind1=" " ind2=" ">
    <subfield code="a">Material complementario /</subfield>
    <subfield code="d">(05 000519, 05 000520, 05 000521,)</subfield>
  </datafield>
  <datafield tag="519" ind1=" " ind2=" ">
    <subfield code="a">Material complementario /</subfield>
    <subfield code="d">02 001982, 02 001994)</subfield>
  </datafield>
  <datafield tag="519" ind1=" " ind2=" ">
    <subfield code="a">Material Complementario /</subfield>
    <subfield code="d">(14 001280, 14 001281, 14 001282)</subfield>
  </datafield>
  <datafield tag="519" ind1=" " ind2=" ">
    <subfield code="a">Material Complementario /</subfield>
    <subfield code="b">Inform&#xE1;tica /</subfield>
    <subfield code="d">(09 005213, 09 002232)</subfield>
  </datafield>
  <datafield tag="519" ind1=" " ind2=" ">
    <subfield code="a">Material Complementario /</subfield>
    <subfield code="d">(13 001117, 13 001743)</subfield>
  </datafield>
  <datafield tag="519" ind1=" " ind2=" ">
    <subfield code="a">Material Complementario /</subfield>
    <subfield code="d">(18 000104, 18 000105)</subfield>
  </datafield>
  <datafield tag="519" ind1=" " ind2=" ">
    <subfield code="a">Material Complementario /</subfield>
    <subfield code="b">Administraci&#xF3;n /</subfield>
    <subfield code="d">(06 000483)</subfield>
  </datafield>
  <datafield tag="519" ind1=" " ind2=" ">
    <subfield code="a">Plan Flexible /</subfield>
    <subfield code="b">Ingenier&#xED;a Industrial /</subfield>
    <subfield code="c">Instalaciones Industriales (P13-1) /</subfield>
    <subfield code="d">(06 000482)</subfield>
  </datafield>
  <datafield tag="519" ind1=" " ind2=" ">
    <subfield code="a">Material Complementario /</subfield>
    <subfield code="d">(04 001855, 04 001856, 04 001857,</subfield>
  </datafield>
  <datafield tag="519" ind1=" " ind2=" ">
    <subfield code="a">Material Complementario /</subfield>
    <subfield code="d">(07 000538)</subfield>
  </datafield>
  <datafield tag="519" ind1=" " ind2=" ">
    <subfield code="a">Plan Flexible /</subfield>
    <subfield code="b">Mtr&#xED;a. Administraci&#xF3;n de Negocios /</subfield>
    <subfield code="c">Administraci&#xF3;n de Operaciones (P04-3) /</subfield>
    <subfield code="d">(08 001893, 08 001894,08 001895)</subfield>
  </datafield>
  <datafield tag="650" ind1="1" ind2="4">
    <subfield code="a">ADMINISTRACI&#xD3;N DE OPERACIONES</subfield>
  </datafield>
  <datafield tag="700" ind1="1" ind2=" ">
    <subfield code="a">Heizer, Jay</subfield>
    <subfield code="e">autor</subfield>
  </datafield>
  <datafield tag="700" ind1="1" ind2=" ">
    <subfield code="a">P&#xE9;rez de Lara Choy, Ma. Isabel</subfield>
    <subfield code="e">traductora</subfield>
  </datafield>
  <datafield tag="942" ind1=" " ind2=" ">
    <subfield code="c">LB</subfield>
    <subfield code="2">lcc</subfield>
  </datafield>
</record>
